La grúa (Record no. 107313)

MARC details
000 -LEADER
campo de control de longitud fija 01021cac a2200301 c 4500
003 - IDENTIFICADOR DE NÚMERO DE CONTROL
campo de control Co-PeBPM
005 - FECHA Y HORA DE LA ÚLTIMA TRANSACCIÓN
campo de control 20260408120916.0
007 - CAMPO FIJO DE DESCRIPCIÓN FÍSICA--INFORMACIÓN GENERAL
campo de control de longitud fija ta
008 - DATOS DE LONGITUD FIJA--INFORMACIÓN GENERAL
campo de control de longitud fija 161108s2009 ck a g 000 j spa d
020 ## - NÚMERO INTERNACIONAL ESTÁNDAR DEL LIBRO
Número Internacional Estándar del Libro 9788496388970
040 0# - FUENTE DE CATALOGACIÓN
Centro catalogador/agencia de origen Co-PeBPM
Lengua de catalogación spa
Normas de descripción rda
Centro/agencia transcriptor Co-PeBPM
041 ## - CÓDIGO DE IDIOMA
Código de lengua del texto/banda sonora o título independiente spa
082 04 - NÚMERO DE LA CLASIFICACIÓN DECIMAL DEWEY
Número de clasificación (i) 833.91 Z45g
Número de edición 22
100 1# - ENTRADA PRINCIPAL--NOMBRE DE PERSONA
Nombre de persona Zimnik, Reiner,
Término indicativo de función/relación autor
9 (RLIN) 14565
245 10 - MENCIÓN DEL TÍTULO
Título La grúa
Mención de responsabilidad, etc. / Reiner Zimnik ; traducción Eva Almazán.
250 ## - MENCION DE EDICION
Mención de edición Primera edición
264 #1 - PRODUCCIÓN, PUBLICACIÓN, DISTRIBUCIÓN, FABRICACIÓN Y COPYRIGHT
Producción, publicación, distribución, fabricación y copyright Sevilla, España
Nombre del de productor, editor, distribuidor, fabricante : Kalandraka
Fecha de producción, publicación, distribución, fabricación o copyright , 2009
300 ## - DESCRIPCIÓN FÍSICA
Extensión 101 páginas
Otras características físicas : ilustraciones en blanco y negro
Dimensiones ; 24 centímetros
500 ## - NOTA GENERAL
Nota general Incluye índice.
534 ## - NOTA SOBRE LA VERSIÓN ORIGINAL
Mención de título del original Der Kran
650 17 - PUNTO DE ACCESO ADICIONAL DE MATERIA--TÉRMINO DE MATERIA
Término de materia o nombre geográfico como elemento de entrada Animales en la literatura
Fuente del encabezamiento o término LEMB
9 (RLIN) 17540
650 17 - PUNTO DE ACCESO ADICIONAL DE MATERIA--TÉRMINO DE MATERIA
Término de materia o nombre geográfico como elemento de entrada Cuentos infantiles alemanes
Fuente del encabezamiento o término LEMB
9 (RLIN) 2282
650 17 - PUNTO DE ACCESO ADICIONAL DE MATERIA--TÉRMINO DE MATERIA
Término de materia o nombre geográfico como elemento de entrada Grúas hidráulicas en la literatura
Fuente del encabezamiento o término LEMB
9 (RLIN) 100061
650 17 - PUNTO DE ACCESO ADICIONAL DE MATERIA--TÉRMINO DE MATERIA
Término de materia o nombre geográfico como elemento de entrada Literatura infantil alemana
Fuente del encabezamiento o término LEMB
9 (RLIN) 320727
650 17 - PUNTO DE ACCESO ADICIONAL DE MATERIA--TÉRMINO DE MATERIA
Término de materia o nombre geográfico como elemento de entrada Aventuras en la literatura
Fuente del encabezamiento o término LEMB
9 (RLIN) 8911
700 10 - ENTRADA AGREGADA--NOMBRE PERSONAL
Nombre de persona Almazán, Eva
Término indicativo de función/relación traducción
9 (RLIN) 100063
942 ## - ELEMENTOS DE ENTRADA SECUNDARIOS (KOHA)
Fuente del sistema de clasificación o colocación
Tipo de ítem Koha Libros
Holdings
Estatus retirado Estado de pérdida Fuente del sistema de clasificación o colocación Estado de daño No para préstamo Colección Biblioteca de origen Biblioteca actual Ubicación en estantería Fecha de adquisición Total de préstamos Signatura topográfica completa Código de barras Visto por última vez Copia número Precio de reemplazo Tipo de ítem Koha
    Clasificación Decimal Dewey     Colección infantil BIBLIOTECA SAN JOAQUIN BIBLIOTECA SAN JOAQUIN Área de niños 08/04/2026   (i) 833.91 Z45g 63653 08/04/2026 Ej.1 08/04/2026 Libros

Powered by Koha